000 00603nam a22001937a 4500
999 _c12286
_d12286
008 221119b 2010 ||||| |||| 00| 0 eng d
020 _a9788132103059
082 _a567.5.14k86
_bALO
100 _aKumar Alok
245 _aSquatting with Dignity
250 _a3rd ed.
260 _aNew Delhi
_bSage Publications
_c2010
300 _axxvii, 379p.
520 _aIntroduction Rural Sanitation Development in phases Debate on key policies and Evolution of Implementation strategy
650 _aList of Tables
650 _aList of Figures
650 _aList of Photographs
942 _cGB